000 00378nam a2200121Ia 4500
003 GCL
008 140319s9999 xx 000 0 ara d
040 _aGCL /
_cGCL
082 0 4 _a238.9
_bو ح
245 1 0 _aحوار حول التنمية الاقتصادية
260 _a[S.N] :
_bالهيئة المصرية العامة للكتاب ،
_c1989
490 _aالالف كتاب
_v0
999 _c54543
_d54543